000 01225cab a2200265 4500
001 L136089
008 070109n2007 000 0 eng u
035 _a(Sirsi) u136089
041 0 _aeng
100 1 _aGreenish, Damian
245 0 2 _aA valued relationship
260 _c2007
490 0 _aEstates Gazette
_v(0701) 6 January 2007, 84-86(3)
520 _aDiscusses the Land Tribunal's desire to impose a clearer and more certain valuation regime on leasehold enfranchisement. Questions how leasehold valuation tribunals will respond to such measures. Discusses the fact that an appellant can no longer approach an appeal secure in the knowledge that it can do no worse than the determination of the Land Valuation Tribunal if the respondent has not applied for leave to appeal.
590 _aKA
650 2 4 _aEARL CADOGAN AND ANOTHER V SPORTELLI AND ANOTHER
650 2 4 _aARROWDELL V CONISTON COURT
650 2 4 _aWELLCOME TRUST LTD V ROMINES
650 2 4 _aCOMMONHOLD AND LEASEHOLD REFORM ACT 2002
650 2 4 _aLEASEHOLD REFORM, HOUSING AND URBAN DEVELOPMENT ACT 1993
651 4 _aUnited Kingdom
_y
690 _aPROPERTY-LEASEHOLD PROPERTY-LANDLORD AND TENANT-LEASES
690 _aPROPERTY
942 _n0
999 _c78128
_d78128